000 00719nam a22002537a 4500
001 BR9507752
003 BR-BrBNA
005 20230928095114.0
007 ta
008 230509b bl.||||| |||| 00| 0 por d
040 _aBR-BrBNA
_bpor
_cBiblioteca Nacional de Agricultura
041 _a(Por)
072 _aD10
090 _ D10 BR9507752
110 1 _aInstituto de Pesquisas Economicas Aplicadas, Brasilia, DF (Brasil)
_96198
245 1 _aSubsidios para a reforma do estado. Contratos de gestao. vol. 4
260 3 _aBrasilia, DF (Brasil):
_c[nd].
300 _a54 p.
500 _a8 ref.
650 _aReforma Administrativa
650 _aContrato
909 _a202309
_bLucia
_c55
_dLucia Elande
942 _cBK
999 _c54553
_d54553